| 000 | 01317nam a2200241 u 4500 | ||
|---|---|---|---|
| 001 | 000386384 | ||
| 003 | AM-YeHGA | ||
| 005 | 20250618072326.0 | ||
| 008 | 041123s1984 ai r 000 0 rus d | ||
| 040 | _aAM-YeHGA | ||
| 041 | 0 | _arus | |
| 111 | 1 |
_aВсесоюзная конференция психологические аспекты тренажеростроения _n(2 : _d1984 : _cЦахкадзор) |
|
| 245 | 1 | 0 |
_aПсихологические аспекты тренажеростроения : _bМатериалы II Всесоюзной конференции: 17-19 апреля 1984 г., Цахкадзор, АрмССР / _cЕГУ, Минвуз АрмССР, Ин-т психологии АН СССР; Редкол.: Р.В. Агузумцян и др. |
| 260 |
_aЕреван : _bИзд-во Ерев. ун-та, _c1984. |
||
| 300 |
_a1, 2 ч. ; _c20 см. |
||
| 505 | 0 | 0 | _aЧ. 1 (230 с.); Ч. 2 (264 с.) |
| 650 | 1 | 4 |
_aПсихология _xТренажеростроение |
| 700 | 1 |
_aԱղուզումցյան, Ռուբեն Վազգենի, _d1945- _eред. _4edt _92120 |
|
| 710 | 2 | _aЕреванский государственный университет | |
| 710 | 2 | _aМинвуз АрмССР | |
| 710 | 2 | _aИнститут психологии АН СССР | |
| 090 | _c148442 | ||
| 999 |
_c147055 _d147055 |
||